| 000 | 03589nam0a22005171 4500 | ||
|---|---|---|---|
| 001 | RU\NLR\A1\2107 | ||
| 005 | 20260407102333.0 | ||
| 035 | _a(NLR Aleph) 009672130 | ||
| 090 |
_a9666492 _c9666492 |
||
| 100 | _a19960429d1800 a y0rusy50 ca | ||
| 101 | 1 |
_arus _cfre |
|
| 102 | _aRU | ||
| 135 | _acrcn 024anaba | ||
| 140 | _ay y ekc yaa0000 | ||
| 200 | 1 |
_aПлоская и сферическая тригонометрии _fпереведенныя из Курса г. Безу, _gМорскаго Шляхетнаго кадетскаго корпуса гимназистами Иваном Соболевым и Никифором Лебедевым |
|
| 205 | _aПечатаны вторым тиснением | ||
| 210 |
_a[Санкт-Петербург.] _cпри типографии онагож Корпуса _d1800 |
||
| 215 |
_a[2], 88 с., VI-VII л. черт. _d8° |
||
| 307 | _aЧерт.: резц. грав. В предыдущих изд., отсутствующие черт.I-V относились к Геометрии Э.Безу | ||
| 316 |
_aЭкз. РНБ (138/2945) в составном картон. пер., обтянутом бумагой, с кожаным корешком и уголками. На нижней крышке пер. экслибрис рус. фонда ГПБ с шифром. Корешок гладкий с блинтовым тиснением, кожаной наклейкой с вытисн. загл.: "Плос триг". На форзаце техн. библиотеч. пометы. На тит. л. штамп проверки 1953. На обороте тит. л., с.33, обороте листа с черт. VI круглый штамп ГПБ. На обороте листа с черт. VII штамп обмена 1962. Размер: 21,5х13х1,3 см _5NLR:138/2945 |
||
| 317 |
_aВ экз РНБ (138/2945) на тит. л. штамп Б-ки Горного ин-та (Богомолов 4060) _5NLR:138/2945 |
||
| 321 | 1 | _aСК XVIII 453 | |
| 325 | _aКопия доступна в Электрон. б-ке РНБ | ||
| 620 | _dСанкт-Петербург | ||
| 700 | 1 |
_4070 _7ca _8rus _aБезу _bЭ. _f1730-1783 _gЭтьен _9160439 _3RU\NLR\AUTH\770160481 |
|
| 702 | 1 |
_4730 _7ca _8rus _aСоболев _bИ. _cучитель-переводчик _fок.1770- _gИван _9168014 _3RU\NLR\AUTH\770168062 |
|
| 702 | 1 |
_4730 _7ca _8rus _aЛебедев _bН. К. _cучитель-переводчик _fок.1774- _gНикифор Кононович _9168018 _3RU\NLR\AUTH\770168066 |
|
| 712 | 0 | 2 |
_4610 _aМорской кадетский корпус _bТипография _cПетербург _9355962 _3RU\NLR\AUTH\889930200 |
| 801 | 0 |
_aRU _bNLR _c19960429 |
|
| 852 |
_aNLR _j138/2945 |
||
| 856 | 0 | _uhttps://vivaldi.nlr.ru/bx000019284/view | |
| 856 | 1 | _uhttps://vivaldi.nlr.ru/bx000019284/cover | |
| 856 | 2 | _uhttps://vivaldi.nlr.ru/bx000019284/text | |
| 899 | _aБАН | ||
| 942 | _cBOOK | ||
| 980 | _aNB | ||
| 980 | 3 | _akpcivil2020 | |
| 980 | 3 | _akp2020 | |
| 980 | 3 | _akp | |
| 980 | _aA1XVIIIv | ||
| 981 | 2 | 2 |
_a(22) Материалы по истории России _b(22) Культура. Наука. Просвещение. |
| 981 | 2 | 0 |
_a(20) Книжные памятники РНБ _b(20) Русский книжный фонд |